Statistics for Avengers Infinity War

Click here to take the quiz!

General Stats

  • This quiz has been taken 141 times
  • The average score is 7 of 8

Answer Stats

HintAnswer% Correct
Who dies in Iron Man's handsSpiderman
97%
Which character is in possession of the mind stone before Thanos gets it?Vision
96%
Which character does Thano's sacrifice to get the soul stone?Gamora
95%
Who fought Thanos hand to hand at the beginning of the movie?Hulk
93%
Who surrenders the time stone to save Iron Man?Doctor Strange
93%
Who thinks he mastered the art of invisibilityDrax
82%
What was the weapon Thor used called?stormbreaker
81%
Which character tries dies while comforting another person?Black Panther
50%

Score Distribution

Percentile by Number Answered

Percent of People with Each Score

Your Score History

You have not taken this quiz